[Event "Charleroi op"]
[Site "Charleroi"]
[Date "2016.08.06"]
[Round "9"]
[White "Fontaine, Quentin"]
[Black "Scoriels, Michael"]
[Result "1-0"]
[WhiteElo "2238"]
[BlackElo "2073"]
[PlyCount "87"]
[EventDate "2016.07.30"]
[EventType "swiss"]
[EventRounds "9"]
[EventCountry "BEL"]
[SourceTitle "CBM 173 Extra"]
[Source "ChessBase"]
[SourceDate "2016.08.29"]
[SourceVersion "1"]
[SourceVersionDate "2016.08.29"]
[SourceQuality "1"]

1. d4 Nf6 2. c4 g6 3. Nc3 Bg7 4. e4 d6 5. h3 e5 6. d5 0-0 7. Nf3 a5 8. Be3 Na6 9. Nd2 Nc5 10. g4 Bd7 11. Be2 Ne8 12. Qc2 f5 13. gxf5 gxf5 14. Bxc5 dxc5 15. exf5 Bxf5 16. Bd3 Nd6 17. Bxf5 Nxf5 18. Rg1 Nd4 19. Qd3 Qh4 20. Nce4 Qh5 21. Rg5 Nf3+ 22. Nxf3 Qxf3 23. Qxf3 Rxf3 24. Ke2 Raf8 25. Rag1 R3f7 26. f3 b6 27. R1g3 Kh8 28. Rh5 Rf5 29. Rxf5 Rxf5 30. Rg5 Rxg5 31. Nxg5 e4 32. fxe4 Bxb2 33. a4 h6 34. Nf3 Kg7 35. e5 Kg6 36. Kd3 Kf5 37. e6 Kf6 38. Ke4 Bc3 39. Nh4 Bb2 40. Nf5 Bc1 41. Ne3 c6 42. Ng4+ Ke7 43. Ne5 cxd5+ 44. Kxd5 1-0

[Event "Hastings Masters op 81st"]
[Site "Hastings"]
[Date "2006.01.05"]
[Round "9"]
[White "Vea, Odin Blikra"]
[Black "Scoriels, Michael"]
[Result "1-0"]
[WhiteElo "2090"]
[BlackElo "2156"]
[PlyCount "81"]
[EventDate "2005.12.28"]
[EventType "swiss"]
[EventRounds "10"]
[EventCountry "ENG"]
[SourceTitle "CBM 110 Extra"]
[Source "ChessBase"]
[SourceDate "2006.03.10"]
[SourceVersion "2"]
[SourceVersionDate "2006.03.10"]
[SourceQuality "1"]

1. e4 e5 2. Nf3 Nc6 3. d4 exd4 4. Bc4 Nf6 5. Ng5 d5 6. exd5 Na5 7. Qxd4 Nxc4 8. Qxc4 Qxd5 9. Qe2+ Be7 10. 0-0 h6 11. Nc3 Qf5 12. Nf3 Qe6 13. Be3 c6 14. Nd4 Qg4 15. f3 Qh5 16. Bf2 Kf8 17. Rfe1 Bd6 18. Bg3 Bc5 19. Rad1 Be6 20. Kh1 Bxd4 21. Rxd4 Re8 22. Be5 Nd7 23. Bg3 Nf6 24. Be5 Nd7 25. Bd6+ Kg8 26. Ne4 Bd5 27. Bg3 c5 28. Rd2 Bc6 29. Qd3 Qg6 30. Qc3 Qf5 31. Red1 Qh5 32. Rxd7 Bxd7 33. Rxd7 Qf5 34. Qd3 c4 35. Qd5 Qg6 36. Qxc4 h5 37. h4 Rxe4 38. Qxe4 f5 39. Qe5 Kh7 40. Kh2 Re8 41. Rxg7+ 1-0

[Event "Hastings Masters op 81st"]
[Site "Hastings"]
[Date "2005.12.30"]
[Round "3"]
[White "Eames, Robert"]
[Black "Scoriels, Michael"]
[Result "1/2-1/2"]
[WhiteElo "2320"]
[BlackElo "2156"]
[PlyCount "79"]
[EventDate "2005.12.28"]
[EventType "swiss"]
[EventRounds "10"]
[EventCountry "ENG"]
[SourceTitle "CBM 110 Extra"]
[Source "ChessBase"]
[SourceDate "2006.03.10"]
[SourceVersion "2"]
[SourceVersionDate "2006.03.10"]
[SourceQuality "1"]

1. e4 e5 2. Nf3 Nc6 3. Bb5 d6 4. d4 Bd7 5. Nc3 exd4 6. Nxd4 g6 7. h4 Bg7 8. Bg5 Qc8 9. Nde2 Nf6 10. Qd2 Ne5 11. f4 Neg4 12. e5 dxe5 13. fxe5 Nh5 14. e6 fxe6 15. 0-0-0 Bxb5 16. Nxb5 0-0 17. Rhf1 Rxf1 18. Rxf1 a6 19. Nbc3 b5 20. Nf4 Nxf4 21. Rxf4 Ne5 22. Ne4 Nc4 23. Qf2 Bxb2+ 24. Kd1 Qd7+ 25. Ke2 Nd6 26. Nf6+ Bxf6 27. Bxf6 e5 28. Rf3 Ne4 29. Qe3 Qc6 30. Qb3+ Qc4+ 31. Qxc4+ bxc4 32. Ke3 Nd6 33. h5 e4 34. Rf4 Re8 35. g4 Re6 36. h6 Nf5+ 37. gxf5 Rxf6 38. Kxe4 gxf5+ 39. Kd5 Kf7 40. Kxc4 1/2-1/2